000 00357nam a2200145Ia 4500
008 230917s9999||||xx |||||||||||||| ||und||
040 _e105280
_aMAIN
041 _aEnglish
082 _a531 T215C
100 _aTaylor, John R
245 0 _aClassical mechanics
260 _aCalifornia
_bUniversity science books
_c2005
300 _a786 p.
942 _cBK
999 _c120385
_d120385